000 00779nam a2200193 a 4500
001 000037567
005 20200930080437.0
008 120501s1984 sp 000 0 spa d
020 _a840005607
040 _aDO-SdBNP
_bspa
_cBNPHU
100 1 _aPérez Galdós, Benito,
_d1843-1920.
_93681
245 1 3 _aEl dramaturgo y los actores :
_bepistolario de Benito Pérez Galdós, María Guerrero y Fernando Díaz de Mendoza /.
260 _aMadrid :
_bConsejo Superior de Investigaciones Científicas,
_c1984.
300 _a351 p. ;
_c22 cm.
490 1 _aAnejos de la revista "Seguimungo"
_v10
504 _abibliografías : p. 335-338 e índice
710 1 _aConsejo Superior de Investigaciones Científicas (España)
_915178
830 0 _aAnejos de la revista "Seguimungo"
_v10
_964023
999 _c37057
_d37057